000 01050nam a2200229Ia 4500
003 Ost
005 20260507074854.0
008 260507s9999||||xx |||||||||||||| ||und||
020 _a995346202x
040 _cfsecg
041 _aara
082 _a346.07
100 _aفاعور، مازن عبد العزيز
_eمؤلف
245 0 _aالإعتماد المستندي والتجارة الإلكترونية /
_c مازن عبد العزيز فاعور
260 _aبيروت:
_bمنشورات الحلبي الحقوقية,
_c2006
300 _a399 صفحة؛
_bإيضاحات ؛
_c24 سم
504 _aبيبليوغرافيا: ص.375؛ ملاحق: ص. 229
520 _aيضم الاعتماد المستندي ودوره في تطوير التجارة الدولية، الآثار القانونية الناشئة عن الاعتماد المستندي، العلاقة بين المصرف والمستفيد
653 _aالاعتمادات المستندية
653 _aالتجارة الخارجية
942 _cكتاب
999 _c41602
_d41602